Víťazkou súťaže Učiteľ Slovenska sa stala Košičanka Zuzana Tkáčová jej meno vyslali do vesmíru, aj ďalšia cena putuje na východ

Bibliographic Details
Corporate Author: Tlačová agentúra Slovenskej republiky (Author)
Format: Article
Language:Slovak
PhysicalDescription:Fotografie
ISSN:2585-7355
Subjects:
Online Access:https://kosice.korzar.sme.sk/c/20928137/vitazkou-sutaze-ucitel-slovenska-sa-stala-kosicanka-zuzana-tkacova.html

MARC

LEADER 00000nab a2200000u 4500
001 vtls011783094
003 SK-MaSNL
005 20260303182004.0
008 181005|20181004xo ||||||| || ||slo|
038 |a KEVKJB 
040 |a KEVKJB  |b slo  |e rda 
041 0 |a slo 
043 |a e-xo--- 
044 |a xo  |c SK 
072 7 |a 37  |x Výchova a vzdelávanie  |2 konspekt 
080 |a 37.011.3-051  |2 2011 
110 2 |a Tlačová agentúra Slovenskej republiky  |4 aut  |9 177619 
245 0 0 |a Víťazkou súťaže Učiteľ Slovenska sa stala Košičanka Zuzana Tkáčová  |b jej meno vyslali do vesmíru, aj ďalšia cena putuje na východ  |c [autor] (tasr) 
300 |b Fotografie 
336 |a text  |b txt  |2 rdacontent 
337 |a bez média  |b n  |2 rdamedia 
338 |a zväzok  |b nc  |2 rdacarrier 
600 1 7 |a Tkáčová, Zuzana,  |d 1977-  |2 kevkjb  |9 447914 
600 1 7 |a Rácz, Noémi,  |d 1972-  |2 kevkjb  |9 101585 
610 2 7 |a Škola úžitkového výtvarníctva (Košice, Slovensko)  |2 kevkjb  |9 34265 
610 2 7 |a Gymnázium sv. Edity Steinovej (Košice, Slovensko)  |2 kevkjb  |9 1110654 
648 7 |a 2018  |2 kevkjb  |9 351415 
650 0 7 |a Učiteľ Slovenska (súťaž)  |2 kevkjb  |9 1185323 
650 0 7 |a osobnosti  |2 kevkjb  |9 29820 
651 7 |a Košice (Slovensko)  |2 kevkjb  |9 18694 
773 0 |t Korzár  |g Roč. XXI., č. 228 (4.10.2018), s. 9  |x 2585-7355 
852 |a KEVKJB  |b KIS3GCP 
856 4 1 |u https://kosice.korzar.sme.sk/c/20928137/vitazkou-sutaze-ucitel-slovenska-sa-stala-kosicanka-zuzana-tkacova.html 
958 |a BX 
999 |c 2115014  |d 2116944